| 000 | 00000nam##2200000za#4500 |
| 001 | 9.570247 |
| 003 | CaOODSP |
| 005 | 20220901140008 |
| 007 | cr ||||||||||| |
| 008 | 150406|1997||||xxc|||||o f|0| 0 eng|d |
| 040 | |aCaOODSP|beng |
| 043 | |an-cn--- |
| 086 | 1 |aJ3-8/1997-1E-PDF |
| 110 | 1 |aCanada.|bJustice Canada. |bCanadian Firearms Centre. |
| 245 | 10|aFirearms homicide, robbery and suicide incidents investigated by the Winnipeg Police Service (1995) |h[electronic resource] |
| 260 | |aOttawa - Ontario : |bJustice Canada. |cFebruary 1997. |
| 300 | |a45p.|btables |
| 490 | 1 |aWorking document |vWD1997-1e |
| 504 | |aBibliography. |
| 590 | |a11-08-Supp|b2011-06-16 |
| 775 | 08|tL'utilisation des armes à feu dans les affaires d'homicide, de vol qualifié et de suicide sur lesquelles le service de police de Winnipeg à fait enquête (1995) |w(CaOODSP)9.600994 |
| 830 | #0|aWorking document ;|vWD1997-1e|w(CaOODSP)9.505668 |
| 856 | 40|ahttp://publications.gc.ca|qPDF|s109 KB|uhttps://publications.gc.ca/collections/collection_2011/jus/J3-8-1997-1-eng.pdf|yWD1997-1e |